000 02156nam a2200433 a 4500
003 BLK
005 20230622133830.0
008 180412b bul|||||r ||||||| ||bul||
010 _aKNG00008821000
020 _a954-568-020-2
040 _aBLK
041 _aBUL
_cBUL
080 _aМетоди на управление. Мениджмънт. Анализи, планиране, ръководство, сътрудничество, контрол, коопериране и др.
_b005.5
_x(075.8)
_z005.5(075.8)
080 _aФорми на предприятията в зависимост от отношението към собствеността...
_b334.72
_x.008(075.8)
_z334.72.008(075.8)
100 1 _aДанаилов, Данаил Лазаров
_eпърви автор
_9250751
139 _aДанаилов, Данаил Лазаров
_bД 17
245 1 0 _aФирмен финансов мениджмънт
_bСветовна и бълг. практика : Учебник за студентите от УНСС - София
_cДанаил Лазаров Данаилов.
257 _aBGR
260 _aСофия
_bЛюрен
_c1994
300 _a280 с.
_bс табл., диагр.
_c21 см
380 _a0
500 _aИзд. на УНСС - София. Департамент Междунар. икон. отношения и бизнес. - Офс. изд. - 1 000 тир.
650 4 _aФирми - финанси - управление
_9249961
650 4 _aУправление - финансова дейност - фирми
_9244592
650 4 _aБизнес - учебници за ВУЗ
_9252648
650 4 _aБанково дело - учебници за ВУЗ
_9252649
653 _aфинанси
653 _aбанково дело
653 _aмениджмънт
653 _aучебници за ВУЗ
852 _aЦб 176523
_bЦб
856 4 _qpdf
_u
856 4 _qpdf
_u
942 _cKNG
_n0
_01
_s1
944 _aCR
_c15.01.2003
_kРенета_Константинова
944 _aED
_c28.09.2016
_kКети_Илиева
999 _c7509
_d7509
999 _d7509
999 _d7509